[Event "Stay Safe Play From Home 150"]
[Site "T#646043Emanuel Laske"]
[Date "2020.05.14"]
[Round "3"]
[White "SoulofWolf"]
[Black "Chesstiger9"]
[Result "0-1"]
[WhiteElo "2087"]
[BlackElo "2030"]
[Annotator "TA"]
[PlyCount "68"]
[EventDate "2020.05.14"]
[EventType "swiss (blitz)"]

{[%evp 12,68,0,0,0,0,0,0,0,-2,0,-175,-161,-157,-157,-177,-127,-204,-182,-210,-212,-241,-179,-208,-169,-193,-58,-104,-91,-150,-40,-90,27,-102,62,-768,-552,-850,-793,-940,-937,-2270,-716,-1056,-1048,-29987,-29988,-29990,-29991,-29991,-29992,-29992,-29993,-29993,-29994,-29997,-29998,-29998,-1262]} 1. c4 e5 2. Nf3 Nc6 3. Nc3 g6 4. g3 Bg7 5. Bg2 Nge7 6. O-O O-O 7. Rb1 a5 {A25: English Opening vs King's Indian with ...Nc6 but without early d3.} 8. a3 {[%cal Ba2a3,Ba3b4][%mdl 32]} d6 9. b4 axb4 {The position is equal.} 10. axb4 f5 11. d3 $2 (11. Ne1 $11) 11... e4 $1 $19 {[%cal Re4f3][%mdl 64] Discovered Attack} 12. Nxe4 fxe4 13. dxe4 {[#]} h6 $146 ({Predecessor:} 13... Be6 14. Qc2 Ne5 15. Nxe5 Bxe5 16. Bh6 Rf7 17. f4 Bd4+ 18. Kh1 Ra3 19. Bg5 Qc8 20. Bxe7 Rxe7 {0-1 (35) Ramatseliso,T (1552)-Lekalakalae,E (1861) Boksburg 2018}) 14. h3 (14. Bb2 $17 {was worth a try.}) 14... Ne5 15. Nd2 Be6 16. Qc2 N5c6 17. e3 Qd7 18. Kh2 g5 (18... Nc8 $19 19. b5 Na5) 19. f4 gxf4 20. gxf4 (20. exf4 $142 Qe8 21. Qd3) 20... Bf7 (20... Ng6 $17 {...Nh4 is the strong threat.} 21. f5 Nh4 22. fxe6 Be5+ 23. Rf4 Bxf4+ 24. exf4 Qxe6) 21. Rg1 Kh8 (21... Ng6 $17 22. b5 Nce5 $1 {[%mdl 512]}) 22. Bf3 {[#]} (22. Bb2 $11) 22... Be6 $2 (22... Ne5 $1 $17 {[%mdl 512] aiming for ...Qa4.} 23. Bb2 {[%mdl 64] Pin} (23. fxe5 Bxe5+) 23... N7g6) 23. f5 $2 {[%mdl 8192] [#] This costs White the game.} (23. Bb2 $14 Bf6 24. Bxf6+ Rxf6 25. Qc3 $1 {[%mdl 512]}) 23... Nxf5 $1 {[%mdl 512]} 24. exf5 {And now Bb2 would win.} Bxf5 25. e4 Be5+ 26. Kh1 {[#]} Bxh3 (26... Bxe4 $142 $1 {[%mdl 512]} 27. Rg4 (27. Qxe4 Qxh3#) 27... Bxc2) 27. Bb2 Qe7 {Hoping for ...Qh4.} 28. Bg4 Qh4 {Black mates.} 29. Bxe5+ Nxe5 30. Nf1 Bxg4+ {[%mdl 64] Discovered Attack} 31. Nh2 Bf3+ {[%mdl 64] Double Attack, Discovered Attack} 32. Rg2 Rg8 {[%mdl 64] Pin} 33. Rbg1 Rxg2 34. Rxg2 Qe1+ {Accuracy: White = 19%, Black = 43%.} (34... Ra1+ $142 35. Qd1 Rxd1#) 0-1

[Event "Stay Safe Play From Home 150"]
[Site "T#646043Emanuel Laske"]
[Date "2020.05.14"]
[Round "3"]
[White "Position"]
[Black "Lamborghini"]
[Result "0-1"]
[WhiteElo "2082"]
[BlackElo "2252"]
[Annotator "RC"]
[PlyCount "138"]
[EventDate "2020.05.14"]
[EventType "swiss (blitz)"]

1. e4 {[%emt 0:00:02]} c5 {[%emt 0:00:04]} 2. Nf3 {[%emt 0:00:02]} d6 {[%emt 0:00:00]} 3. d4 {[%emt 0:00:02]} cxd4 {[%emt 0:00:00]} 4. Nxd4 {[%emt 0:00:00]} Nf6 {[%emt 0:00:00]} 5. Nc3 {[%emt 0:00:01]} g6 {[%emt 0:00:00]} 6. Bc4 {[%emt 0:00:02]} Bg7 {[%emt 0:00:00]} 7. Bb3 {[%emt 0:00:01]} O-O {[%emt 0:00:01]} 8. O-O {[%emt 0:00:01]} Nbd7 {[%emt 0:00:01]} 9. f3 {[%emt 0:00:01]} a6 {[%emt 0:00:01]} 10. a3 {[%emt 0:00:02]} Qc7 {[%emt 0:00:01]} 11. Be3 {[%emt 0:00:01]} e6 {[%emt 0:00:01]} 12. Qd2 {[%emt 0:00:01]} b5 {[%emt 0:00:01]} 13. Kh1 {[%emt 0:00:01]} Bb7 {[%emt 0:00:01]} 14. Rac1 {[%emt 0:00:02]} Rac8 {[%emt 0:00:01]} 15. Rfd1 {[%emt 0:00:01]} Rfd8 {[%emt 0:00:02]} 16. Qf2 {[%emt 0:00:03]} Ne5 {[%emt 0:00:01]} 17. Nde2 {[%emt 0:00:03]} Nfd7 {[%emt 0:00:04]} 18. Nf4 {[%emt 0:00:06]} Nc4 {[%emt 0:00:04]} 19. Bxc4 {[%emt 0:00:04]} Qxc4 {[%emt 0:00:03]} 20. Bd2 {[%emt 0:00:12]} Qc7 {[%emt 0:00:04]} 21. Nd3 {[%emt 0:00:06]} h5 {[%emt 0:00:21]} 22. Qh4 {[%emt 0:00:06]} Nc5 {[%emt 0:00:16]} 23. Bg5 {[%emt 0:00:05]} Rd7 {[%emt 0:00:01]} 24. Nxc5 {[%emt 0:00:02]} dxc5 {[%emt 0:00:01]} 25. Bf4 {[%emt 0:00:04]} Qd8 {[%emt 0:00:05]} 26. Qe1 {[%emt 0:00:08]} Bd4 {[%emt 0:00:06]} 27. Be3 {[%emt 0:00:03]} Rcc7 {[%emt 0:00:16]} 28. Rd3 {[%emt 0:00:02]} Bxe3 {[%emt 0:00:03]} 29. Rxe3 {[%emt 0:00:09]} Qe7 {[%emt 0:00:12]} 30. Rd1 {[%emt 0:00:05]} Rd4 {[%emt 0:00:02]} 31. Ne2 {[%emt 0:00:04]} Rxd1 {[%emt 0:00:01]} 32. Qxd1 {[%emt 0:00:00]} c4 {[%emt 0:00:02]} 33. Nc3 {[%emt 0:00:10]} Rd7 {[%emt 0:00:02]} 34. Qf1 {[%emt 0:00:03]} Rd2 {[%emt 0:00:04]} 35. Re2 {[%emt 0:00:02]} Qd6 {[%emt 0:00:01]} 36. Qf2 {[%emt 0:00:06]} Rxe2 {[%emt 0:00:04]} 37. Qxe2 {[%emt 0:00:00]} Qd4 {[%emt 0:00:02]} 38. h3 {[%emt 0:00:02]} h4 {[%emt 0:00:01]} 39. Nd1 {[%emt 0:00:02]} Kg7 {[%emt 0:00:04]} 40. Qe1 {[%emt 0:00:05]} g5 {[%emt 0:00:03]} 41. Qc3 {[%emt 0:00:05]} Qxc3 {[%emt 0:00:01]} 42. Nxc3 {[%emt 0:00:00]} f5 {[%emt 0:00:01]} 43. exf5 {[%emt 0:00:01]} exf5 {[%emt 0:00:01]} 44. Kg1 {[%emt 0:00:00]} Kf6 {[%emt 0:00:01]} 45. Kf2 {[%emt 0:00:01]} Ke5 {[%emt 0:00:01]} 46. Ke3 {[%emt 0:00:01]} f4+ {[%emt 0:00:01]} 47. Ke2 {[%emt 0:00:01]} Bc6 {[%emt 0:00:02]} 48. Na2 {[%emt 0:00:01]} a5 {[%emt 0:00:01]} 49. Nc3 {[%emt 0:00:04]} Kd4 {[%emt 0:00:04]} 50. Nd1 {[%emt 0:00:04]} Bd7 {[%emt 0:00:03]} 51. Nf2 {[%emt 0:00:02]} Bf5 {[%emt 0:00:02]} 52. Kd2 {[%emt 0:00:00]} b4 {[%emt 0:00:01]} 53. axb4 {[%emt 0:00:02]} axb4 {[%emt 0:00:01]} 54. c3+ {[%emt 0:00:02]} Kc5 {[%emt 0:00:01]} 55. cxb4+ {[%emt 0:00:07]} Kxb4 {[%emt 0:00:00]} 56. Ne4 {[%emt 0:00:02]} Bxe4 {[%emt 0:00:02]} 57. fxe4 {[%emt 0:00:00]} Kc5 {[%emt 0:00:01]} 58. Kc3 {[%emt 0:00:01]} g4 {[%emt 0:00:01]} 59. hxg4 {[%emt 0:00:07]} f3 {[%emt 0:00:01]} 60. gxf3 {[%emt 0:00:01]} h3 {[%emt 0:00:01]} 61. e5 {[%emt 0:00:00]} h2 {[%emt 0:00:01]} 62. e6 {[%emt 0:00:00]} Kd6 {[%emt 0:00:01]} 63. b4 {[%emt 0:00:00]} cxb3 {[%emt 0:00:02]} 64. Kc4 {[%emt 0:00:00]} Kxe6 {[%emt 0:00:01]} 65. f4 {[%emt 0:00:01]} h1=Q {[%emt 0:00:00]} 66. f5+ {[%emt 0:00:00]} Kf6 {[%emt 0:00:01]} 67. Kxb3 {[%emt 0:00:01]} Kg5 {[%emt 0:00:00]} 68. Kc3 {[%emt 0:00:00]} Qe4 {[%emt 0:00:01]} 69. Kd2 {[%emt 0:00:01]} Kf6 {[%emt 0:00:00] Position resigns (Lag: Av=0.63s, max=1.1s)} 0-1

[Event "Stay Safe Play From Home 150"]
[Site "T#646043Emanuel Laske"]
[Date "2020.05.14"]
[Round "3"]
[White "Weltszmerc"]
[Black "Little champs"]
[Result "1-0"]
[WhiteElo "2074"]
[BlackElo "2217"]
[Annotator "TA"]
[PlyCount "57"]
[EventDate "2020.05.14"]
[EventType "swiss (blitz)"]

{[%evp 13,57,72,77,45,86,67,65,61,83,59,97,95,87,89,176,97,127,107,227,142,508,514,631,657,969,960,961,925,1401,1468,1425,1446,1559,1476,4041,3529,3529,3300,3782,2268,29992,29992,29992,29993,29993,29991]} 1. d4 Nf6 2. c4 e6 3. Nf3 c5 4. d5 exd5 5. cxd5 d6 6. Nc3 Be7 7. e4 O-O {[#]} 8. a4 $146 {A60: Modern Benoni: Early Divergences.} ({Predecessor:} 8. Be2 Nbd7 9. h3 Ne8 10. O-O Bf6 11. Bf4 Qe7 12. Qc2 a6 13. a4 b6 14. Nd1 Ne5 15. Ne3 Nxf3+ 16. Bxf3 {1-0 (47) Tregubov,P (2596)-Rotstein,A (2512) Forni di Sopra 2012}) 8... a5 9. h3 Na6 10. Bc4 {White is slightly better.} Nb4 11. O-O b6 12. Re1 Nd7 13. Bf4 Ba6 {[#]} (13... f6 $16 {might work better.}) 14. Nb5 ({White should try} 14. Bxa6 $1 $18 Nxa6 15. Nb5) 14... Nf6 15. Qd2 Re8 (15... Bxb5 $16 {was called for.} 16. Bxb5 h6) 16. Rad1 Qd7 $2 {[%mdl 8192] This move loses the game for Black.} (16... Bxb5 $16 17. Bxb5 Rf8) 17. e5 $18 dxe5 18. Nxe5 Qf5 {If only Black now had time for ...Nfxd5....} 19. d6 Bxb5 20. axb5 Bf8 21. Bxf7+ Kh8 22. Bxe8 Rxe8 23. d7 Rd8 24. Nf7+ {[%mdl 64] [#] Double Attack} Kg8 25. Nxd8 Nc2 26. Re8 {Threatening mate with Rxf8+!} Ne4 27. Qd5+ {White mates.} Qxd5 28. Rxd5 Nf6 29. Bd6 {Accuracy: White = 68%, Black = 16%.} 1-0

[Event "Stay Safe Play From Home 150"]
[Site "T#646043Emanuel Laske"]
[Date "2020.05.14"]
[Round "3"]
[White "Don59as"]
[Black "Nagaram"]
[Result "1-0"]
[WhiteElo "2044"]
[BlackElo "1343"]
[Annotator "TA"]
[PlyCount "63"]
[EventDate "2020.05.14"]
[EventType "swiss (blitz)"]

{[%evp 9,62,-38,26,1,14,11,110,106,209,43,62,62,206,195,208,200,193,193,189,207,494,384,433,224,289,237,801,797,798,791,728,496,414,317,799,450,330,346,572,429,925,975,878,591,1188,1171,1188,1165,1380,1345,1288,1178,1588,1589,29999]} 1. c4 e6 2. e4 d5 3. cxd5 exd5 4. e5 Nc6 5. Nf3 f6 ({Black should play} 5... Bb4 $15) 6. d4 {C00: French: Unusual White 2nd moves.} Bb4+ 7. Nc3 {[#]} Qe7 $146 {[#]} (7... fxe5 $11 8. Nxe5 Nge7) ({Predecessor:} 7... Bg4 8. Bf4 Bxf3 9. gxf3 a6 10. Bh3 g6 11. O-O Bxc3 12. bxc3 f5 13. Rb1 b5 {½-½ (55) Freyberg,D-Hurgin,D Berlin 1996}) 8. Bb5 $1 $16 {White is better.} Bd7 (8... Bg4 $16) 9. Bxc6 $2 (9. O-O $18 Bxc3 10. bxc3) 9... Bxc6 10. O-O fxe5 {Now Black is done in.} (10... Bxc3 $14 11. bxc3 O-O-O) 11. Nxe5 O-O-O 12. Nxc6 bxc6 13. Qa4 {[%mdl 64] [#] Double Attack} Bxc3 14. bxc3 {aiming for Ba3.} Qd6 $2 (14... Qf6 15. Qxa7 Kd7) 15. Qxa7 Ne7 16. g3 ({Less strong is} 16. Ba3 Qf6 $18) (16. Re1 $142 {And now Bf4! would win.} Ng6 17. Qa6+ Kd7 18. Qd3) 16... Rhf8 17. Rb1 {Ba3 is the strong threat.} Qf6 $2 (17... Kd7 18. Ba3 c5) 18. Bf4 $18 {[%csl Gf4][%cal Ra7c7]} Kd7 19. Qxc7+ Ke8 20. Rbe1 Rd7 21. Qb6 Rd8 $2 (21... Qg6 22. a4 Kf7) 22. Bc7 Rd7 23. Be5 Qf3 $2 (23... Qg6 24. f4 h5) 24. Re3 Qh5 (24... Qg4 $142 25. h3 Qxh3 26. Bxg7 Rf7) 25. Bxg7 Rf7 26. Be5 Qh3 27. Rfe1 Qf5 28. Bf4 Kf8 29. Qb8+ Kg7 30. Re5 Qh3 31. Rg5+ Kf6 32. Qe5# {Accuracy: White = 52%, Black = 20%.} 1-0

[Event "Stay Safe Play From Home 150"]
[Site "T#646043Emanuel Laske"]
[Date "2020.05.14"]
[Round "3"]
[White "Lazieri3"]
[Black "Lucknow"]
[Result "1-0"]
[WhiteElo "1972"]
[BlackElo "1767"]
[Annotator "NA RC"]
[PlyCount "105"]
[EventDate "2020.05.14"]
[EventType "swiss (blitz)"]

1. e4 {[%emt 0:00:01]} c5 {[%emt 0:00:02]} 2. Nc3 {[%emt 0:00:16]} d6 {[%emt 0:00:01]} 3. d3 {[%emt 0:00:00]} Nf6 {[%emt 0:00:01]} 4. Nf3 {[%emt 0:00:00]} e6 {[%emt 0:00:01]} 5. Be3 {[%emt 0:00:00]} Be7 {[%emt 0:00:01]} 6. Be2 {[%emt 0:00:01]} Nc6 {[%emt 0:00:00]} 7. O-O {[%emt 0:00:01]} d5 {[%emt 0:00:01]} 8. exd5 {[%emt 0:00:01]} exd5 {[%emt 0:00:01]} 9. d4 {[%emt 0:00:01]} b6 {[%emt 0:00:02]} 10. h3 {[%emt 0:00:02]} O-O {[%emt 0:00:02]} 11. Re1 {[%emt 0:00:01]} Re8 {[%emt 0:00:01]} 12. Bg5 {[%emt 0:00:01]} cxd4 {[%emt 0:00:07]} 13. Nxd4 {[%emt 0:00:01]} Bb7 {[%emt 0:00:10]} 14. Bf3 {[%emt 0:00:05]} Ne4 {[%emt 0:00:20]} 15. Nxc6 {[%emt 0:00:07]} Bxc6 {[%emt 0:00:04]} 16. Bxe7 {[%emt 0:00:04]} Rxe7 {[%emt 0:00:01]} 17. Qe2 {[%emt 0:00:31]} Rc8 {[%emt 0:00:37]} 18. Nxe4 {[%emt 0:00:07]} dxe4 {[%emt 0:00:01]} 19. Bxe4 {[%emt 0:00:01]} Bxe4 {[%emt 0:00:01]} 20. c3 {[%emt 0:00:21]} Rcc7 {[%emt 0:00:09]} 21. Rad1 {[%emt 0:00:02]} Qe8 {[%emt 0:00:02]} 22. Qg4 {[%emt 0:00:18]} Bc6 {[%emt 0:00:17]} 23. Rxe7 {[%emt 0:00:05]} Rxe7 {[%emt 0:00:01]} 24. Qc4 {[%emt 0:00:07]} Re1+ {[%emt 0:00:09]} 25. Rxe1 {[%emt 0:00:01]} Qxe1+ {[%emt 0:00:01]} 26. Kh2 {[%emt 0:00:00]} Qe6 {[%emt 0:00:04]} 27. Qd4 {[%emt 0:00:06]} h6 {[%emt 0:00:06]} 28. f3 {[%emt 0:00:02]} Qd5 {[%emt 0:00:05]} 29. Qe3 {[%emt 0:00:03]} Qxa2 {[%emt 0:00:03]} 30. Qf2 {[%emt 0:00:01]} Qd5 {[%emt 0:00:02]} 31. Qe2 {[%emt 0:00:02]} a5 {[%emt 0:00:02]} 32. Qf2 {[%emt 0:00:01]} g6 {[%emt 0:00:01]} 33. Qxb6 {[%emt 0:00:01]} a4 {[%emt 0:00:02]} 34. Qb8+ {[%emt 0:00:03]} Kh7 {[%emt 0:00:02]} 35. Qf4 {[%emt 0:00:00]} Qe6 {[%emt 0:00:02]} 36. Qd2 {[%emt 0:00:03]} Kg7 {[%emt 0:00:01]} 37. Qd4+ {[%emt 0:00:01]} Qf6 {[%emt 0:00:01]} 38. Qc4 {[%emt 0:00:03]} Qe5+ {[%emt 0:00:02]} 39. Kh1 {[%emt 0:00:01]} Qd6 {[%emt 0:00:01]} 40. Qe2 {[%emt 0:00:06]} Bd5 {[%emt 0:00:01]} 41. Kg1 {[%emt 0:00:01]} Bb3 {[%emt 0:00:01]} 42. Kh1 {[%emt 0:00:01]} Qe6 {[%emt 0:00:00]} 43. Qd2 {[%emt 0:00:02]} Bd5 {[%emt 0:00:01]} 44. Qd4+ {[%emt 0:00:01]} Kh7 {[%emt 0:00:02]} 45. Qxa4 {[%emt 0:00:00]} Bb3 {[%emt 0:00:00]} 46. Qd4 {[%emt 0:00:02]} Qe1+ {[%emt 0:00:01]} 47. Kh2 {[%emt 0:00:01]} Qe5+ {[%emt 0:00:00]} 48. Qxe5 {[%emt 0:00:01]} Kg8 {[%emt 0:00:01]} 49. Qc5 {[%emt 0:00:00]} Be6 {[%emt 0:00:02]} 50. Qb4 {[%emt 0:00:00]} Kg7 {[%emt 0:00:00]} 51. Qb8 {[%emt 0:00:00]} g5 {[%emt 0:00:00]} 52. Qe5+ {[%emt 0:00:00]} Kg6 {[%emt 0:00:01]} 53. Qd4 {[%emt 0:00:00] Zeit (Lag: Av=0.43s, max=1.0s)} 1-0

[Event "Stay Safe Play From Home 150"]
[Site "T#646043Emanuel Laske"]
[Date "2020.05.14"]
[Round "3"]
[White "Haris kollari 13"]
[Black "Timbre"]
[Result "1-0"]
[WhiteElo "1966"]
[BlackElo "1657"]
[Annotator "NA RC"]
[PlyCount "121"]
[EventDate "2020.05.14"]
[EventType "swiss (blitz)"]

1. e4 {[%emt 0:00:01]} c6 {[%emt 0:00:03]} 2. Nf3 {[%emt 0:00:01]} d5 {[%emt 0:00:01]} 3. exd5 {[%emt 0:00:01]} cxd5 {[%emt 0:00:01]} 4. d4 {[%emt 0:00:00]} Nc6 {[%emt 0:00:01]} 5. Bf4 {[%emt 0:00:01]} a6 {[%emt 0:00:01]} 6. c3 {[%emt 0:00:01]} Nf6 {[%emt 0:00:01]} 7. Bd3 {[%emt 0:00:01]} Bg4 {[%emt 0:00:03]} 8. Nbd2 {[%emt 0:00:01]} Bxf3 {[%emt 0:00:01]} 9. Qxf3 {[%emt 0:00:03]} e6 {[%emt 0:00:01]} 10. O-O {[%emt 0:00:03]} Bd6 {[%emt 0:00:02]} 11. Bg5 {[%emt 0:00:02]} Be7 {[%emt 0:00:02]} 12. Rfe1 {[%emt 0:00:02]} O-O {[%emt 0:00:02]} 13. Qh3 {[%emt 0:00:09]} g6 {[%emt 0:00:05]} 14. Qh4 {[%emt 0:00:05]} Nh5 {[%emt 0:00:09]} 15. Bxe7 {[%emt 0:00:07]} Qxe7 {[%emt 0:00:04]} 16. Qxe7 {[%emt 0:00:01]} Nxe7 {[%emt 0:00:01]} 17. g3 {[%emt 0:00:00]} Ng7 {[%emt 0:00:02]} 18. Kg2 {[%emt 0:00:03]} Nc6 {[%emt 0:00:02]} 19. Nf3 {[%emt 0:00:02]} b5 {[%emt 0:00:01]} 20. a4 {[%emt 0:00:02]} b4 {[%emt 0:00:06]} 21. Rec1 {[%emt 0:00:01]} bxc3 {[%emt 0:00:02]} 22. bxc3 {[%emt 0:00:01]} Na5 {[%emt 0:00:03]} 23. Rab1 {[%emt 0:00:02]} Nc4 {[%emt 0:00:04]} 24. Bxc4 {[%emt 0:00:01]} dxc4 {[%emt 0:00:01]} 25. Rb4 {[%emt 0:00:06]} Rfc8 {[%emt 0:00:03]} 26. Ne5 {[%emt 0:00:01]} a5 {[%emt 0:00:05]} 27. Rxc4 {[%emt 0:00:02]} Rxc4 {[%emt 0:00:01]} 28. Nxc4 {[%emt 0:00:01]} Nf5 {[%emt 0:00:02]} 29. Kf3 {[%emt 0:00:03]} h5 {[%emt 0:00:03]} 30. Ke4 {[%emt 0:00:01]} Ne7 {[%emt 0:00:01]} 31. Nb6 {[%emt 0:00:04]} Rb8 {[%emt 0:00:08]} 32. Nc4 {[%emt 0:00:02]} Nd5 {[%emt 0:00:02]} 33. Nxa5 {[%emt 0:00:02]} Ra8 {[%emt 0:00:07]} 34. Nc6 {[%emt 0:00:09]} Rxa4 {[%emt 0:00:02]} 35. c4 {[%emt 0:00:01]} Nf6+ {[%emt 0:00:07]} 36. Ke5 {[%emt 0:00:01]} Kg7 {[%emt 0:00:02]} 37. h3 {[%emt 0:00:03]} Ra2 {[%emt 0:00:05]} 38. Rf1 {[%emt 0:00:04]} Rc2 {[%emt 0:00:04]} 39. c5 {[%emt 0:00:07]} Nd5 {[%emt 0:00:02]} 40. Kd6 {[%emt 0:00:02]} Ra2 {[%emt 0:00:04]} 41. g4 {[%emt 0:00:07]} hxg4 {[%emt 0:00:02]} 42. hxg4 {[%emt 0:00:01]} Ra8 {[%emt 0:00:04]} 43. f4 {[%emt 0:00:02]} Ne3 {[%emt 0:00:04]} 44. Rg1 {[%emt 0:00:02]} Nc4+ {[%emt 0:00:05]} 45. Kc7 {[%emt 0:00:02]} Ne3 {[%emt 0:00:04]} 46. Nb4 {[%emt 0:00:08]} Ra7+ {[%emt 0:00:03]} 47. Kb6 {[%emt 0:00:02]} Rd7 {[%emt 0:00:02]} 48. Nc6 {[%emt 0:00:04]} Nd5+ {[%emt 0:00:03]} 49. Kb5 {[%emt 0:00:01]} Rb7+ {[%emt 0:00:02]} 50. Kc4 {[%emt 0:00:02]} Rc7 {[%emt 0:00:02]} 51. Ne5 {[%emt 0:00:03]} Rb7 {[%emt 0:00:03]} 52. c6 {[%emt 0:00:01]} Rb4+ {[%emt 0:00:02]} 53. Kc5 {[%emt 0:00:01]} Rb8 {[%emt 0:00:05]} 54. f5 {[%emt 0:00:03]} exf5 {[%emt 0:00:03]} 55. Kxd5 {[%emt 0:00:02]} Rd8+ {[%emt 0:00:03]} 56. Nd7 {[%emt 0:00:01]} fxg4 {[%emt 0:00:01]} 57. Rxg4 {[%emt 0:00:02]} f5 {[%emt 0:00:03]} 58. Rg1 {[%emt 0:00:02]} Kh6 {[%emt 0:00:02]} 59. Kd6 {[%emt 0:00:01]} Kg7 {[%emt 0:00:01]} 60. c7 {[%emt 0:00:01]} Rxd7+ {[%emt 0:00:01]} 61. Kxd7 {[%emt 0:00:01] Timbre resigns (Lag: Av=0.62s, max=2.0s)} 1-0

[Event "Stay Safe Play From Home 150"]
[Site "T#646043Emanuel Laske"]
[Date "2020.05.14"]
[Round "3"]
[White "MartinKestler"]
[Black "Gibiz144"]
[Result "0-1"]
[WhiteElo "1957"]
[BlackElo "1622"]
[Annotator "TA"]
[PlyCount "64"]
[EventDate "2020.05.14"]
[EventType "swiss (blitz)"]

{[%evp 9,64,42,60,42,56,48,37,15,17,16,25,2,18,11,12,21,68,45,47,38,30,30,38,0,0,0,0,0,7,0,19,0,18,0,27,0,22,-13,83,43,50,-21,84,2,12,-15,-13,-25,-56,-259,-264,-658,-631,-29997,-962,-5573,-3645]} 1. Nf3 b6 2. b3 Bb7 3. e3 e6 4. Bb2 {[#]} Ne7 $146 ({Predecessor:} 4... Nf6 5. g3 Be7 6. Bg2 O-O 7. O-O c5 8. c4 d6 9. Nc3 Nbd7 10. d4 Ne4 11. d5 Nxc3 12. Bxc3 exd5 13. cxd5 Bf6 14. Rc1 Bxc3 15. Rxc3 Nf6 16. Nh4 Re8 17. Re1 Ne4 18. Rc4 Nf6 {0-1 (37) Giri,A (2734)-Ivanchuk,V (2753) Leon 2013}) 5. Be2 d6 6. O-O {A04: Unusual lines after 1 Nf3 and King's Indian Attack.} Nd7 7. d4 g6 8. Nbd2 {White is slightly better.} Bg7 9. c4 O-O 10. a3 h6 11. h3 a6 12. Qc2 Nc6 13. Rac1 e5 14. dxe5 Ncxe5 15. Nxe5 Nxe5 16. Bxe5 Bxe5 17. Bf3 Bxf3 18. Nxf3 Bg7 19. Rfd1 Qf6 20. a4 Rfe8 21. Rd3 Re7 22. Rcd1 Rae8 23. Qd2 g5 (23... a5 $11) 24. Rd5 Qe6 25. Nd4 (25. Qe2 $14) 25... Qg6 (25... Bxd4 $1 $11 {keeps the balance.} 26. Qxd4 a5) 26. Nc6 (26. Nf5 $16 Re5 27. g4) 26... Re4 $11 27. Rd3 g4 {Threatens to win with ...gxh3.} 28. hxg4 Rxg4 29. g3 $2 {[#] Loses the game.} ({White should play} 29. f3 $15 Rh4 30. e4) 29... h5 $1 $19 30. Kf1 $2 (30. Nd4 h4 31. Qe2) 30... h4 31. gxh4 Rxh4 (31... Rg1+ $142 32. Ke2 Qg4+ {[%mdl 64] Double Attack} 33. f3 Qg2#) 32. Rd5 Qg4 {Accuracy: White = 41%, Black = 69%.} 0-1

[Event "Stay Safe Play From Home 150"]
[Site "T#646043Emanuel Laske"]
[Date "2020.05.14"]
[Round "3"]
[White "Mruzic"]
[Black "Sfantul321"]
[Result "1/2-1/2"]
[WhiteElo "1751"]
[BlackElo "2039"]
[Annotator "TA"]
[PlyCount "153"]
[EventDate "2020.05.14"]
[EventType "swiss (blitz)"]

{[%evp 12,152,33,35,83,-7,148,146,123,114,135,132,306,211,245,244,589,580,546,558,747,441,747,725,778,602,616,597,883,567,549,526,604,614,597,494,791,486,857,594,597,586,616,585,961,773,925,925,1208,903,828,489,496,493,864,851,770,0,670,681,1210,621,588,413,1050,492,492,426,441,426,426,426,426,426,460,426,538,516,426,207,202,0,420,342,331,239,239,239,239,239,195,116,232,157,157,16,37,0,147,8,147,8,29963,29964,29963,29964,29959,29960,5906,5714,2022,1920,29966,29963,29964,29961,29951,12843,12850,5102,29979,29980,29983,29984,29985,29986,29987,29985,29991,29992,29992,29993,29993,29992,29992,29992,29994,29995,29995,29996,29996,29997,29997]} 1. d4 g6 2. c4 Bg7 3. Nc3 d6 4. e4 Nf6 5. Bg5 h6 6. Bh4 O-O 7. f4 Bg4 {E70: King's Indian: Miscellaneous lines with 4 e4, including 5 Nge2 and 5 Bd3 0-0 6 Nge2.} 8. Qd2 {[#]} ({White should play} 8. Be2 $16 Bxe2 9. Ngxe2) 8... Nc6 $146 (8... e5 $1 $11 {[%mdl 512]}) ({Predecessor:} 8... Nbd7 9. h3 Be6 10. d5 g5 11. fxg5 hxg5 12. Bxg5 Nxe4 13. Nxe4 Bf5 14. Ng3 Bg6 15. Nf3 f6 16. Bh6 Ne5 17. Bxg7 Kxg7 18. Be2 Nf7 19. Nd4 Ng5 20. h4 Ne4 21. Ne6+ {1-0 (21) Ertbjerg,P (1988)-Pitkanen,J (1607) Helsinki 2019}) 9. h3 $16 Bc8 {White is clearly better.} 10. d5 Nb8 11. Nf3 e6 $2 (11... c6 $16) 12. dxe6 Bxe6 13. e5 g5 $2 (13... dxe5 14. Qxd8 (14. fxe5 Qxd2+ 15. Kxd2 Nfd7 $17) 14... Rxd8) 14. exf6 $18 Bxf6 15. fxg5 Be7 16. Bf2 hxg5 (16... Bxg5 $142 17. Nxg5 Qxg5) 17. Bd3 Nc6 18. O-O-O Kg7 19. Nd5 f6 20. Nxe7 Qxe7 21. Be3 Ne5 22. Nxe5 dxe5 23. Rhf1 Rh8 (23... Rad8 $142 24. Qe2 Bc8) 24. Qc3 {aiming for Bxg5!} g4 (24... Rhf8 $142 25. Be4 c6) 25. hxg4 Bxg4 26. Rd2 Rad8 27. Rdf2 Rhf8 28. Bf5 Bh5 29. g4 Bf7 30. Rh1 Rh8 31. Rfh2 Rxh2 32. Rxh2 Bg8 (32... Rh8 $142) 33. Bh6+ Kf7 34. Be3 $2 (34. Qf3 $18 {Threatens to win with g5.} Ke8 35. Be3) 34... Qd6 $2 {[%mdl 8192]} (34... Kg7 $11 35. Qe1 Rd6) 35. Rd2 Qe7 36. Rxd8 Qxd8 37. c5 c6 (37... Qd5 $142 38. b3 Kg7) 38. Qc4+ (38. Qb3+ $142 Qd5 39. Qxb7+ {[%mdl 64] Double Attack} Ke8 40. Qa8+ Ke7 41. Qxa7+ Ke8 42. Qb8+ Kf7 43. Qc7+ Ke8 44. Qb8+ Ke7 45. Qc7+ Ke8 46. b3) 38... Kg7 39. Qd3 Qxd3 40. Bxd3 Bxa2 41. Kc2 Bd5 42. Bf5 Kf7 43. Kc3 Be6 44. Kd3 Bd5 45. Be4 (45. Bc8 $142) 45... Be6 46. Bf5 $2 (46. Bf3) 46... Bd5 $1 47. Bd2 b6 48. cxb6 axb6 49. Be3 c5 50. Kc3 Ke7 51. b4 (51. Bf2 $18) 51... Kd6 (51... cxb4+ $16 52. Kxb4 Kd6) 52. bxc5+ bxc5 53. Bd3 (53. Kd2 $16) 53... Be6 54. Bf5 Bd5 {Black is on the road to losing.} (54... Bxf5 $11 {keeps the balance.} 55. gxf5 Kd5) 55. Bd2 (55. Kd2 $16) 55... Bg8 (55... Be6 $11 {remains equal.}) 56. Bh6 ({Better is} 56. Kd3 $16) 56... Bd5 $2 {[%mdl 8192] [#]} (56... Be6 $11) 57. Bf8+ $1 Kc6 58. Be7 e4 59. Bxf6 e3 60. Bg5 e2 61. Bd2 c4 62. Be1 Kc5 63. Bf2+ Kd6 64. Kd2 (64. Bg3+ $142 Ke7 65. g5 Kf7 66. Kd4 Be6 67. Be4 Bc8 68. Kxc4 Bg4 69. Kd4) 64... Bf3 65. Ke3 (65. Bg3+ $142 Ke7 66. Be5) 65... Bxg4 66. Bxg4 {White mates.} e1=Q+ 67. Bxe1 Kc5 68. Bc3 Kb5 69. Be2 Ka4 70. Bxc4 Ka3 71. Kd3 Ka4 72. Kd4 Ka3 73. Bb5 Kb3 74. Kd3 Ka3 75. Kc2 Ka2 76. Bb4 Ka1 77. Bc4 {Accuracy: White = 39%, Black = 27%.} 1/2-1/2